Historia antigua de Roma
-д хадгалсан:
| Үндсэн зохиолч: | |
|---|---|
| Формат: | Ном |
| Хэл сонгох: | испани |
| Хэвлэсэн: |
Santiago
Universitaria
1924
|
| Цуврал: | Curso de Historia General
|
| Нөхцлүүд: | |
| Шошгууд: |
Шошго нэмэх
Шошго байхгүй, Энэхүү баримтыг шошголох эхний хүн болох!
|
MARC
| LEADER | 00000nam a2200000 a 4500 | ||
|---|---|---|---|
| 001 | UCZ8534 | ||
| 003 | CL-VaPUC | ||
| 008 | 960121e19240000CL |||||||||||||||||spa|d | ||
| 082 | 0 | 4 | |a 372.89 |b MON |2 21 |
| 100 | |a Montebruno López, Julio |e autor |9 511670 | ||
| 245 | 1 | 0 | |a Historia antigua de Roma |
| 300 | |a 116 p | ||
| 942 | |c BK | ||
| 945 | |d 19960121 00:00:00 |a cmena | ||
| 260 | |a Santiago |b Universitaria |c 1924 | ||
| 650 | 0 | |a Historia |9 255047 | |
| 650 | 0 | |a Historia antigua |9 267521 | |
| 650 | 0 | |a Enseñanza de la historia |9 307330 | |
| 650 | 0 | |a Métodos de enseñanza |9 270413 | |
| 651 | 0 | |a Roma |9 255106 | |
| 583 | |a last modification |c 19960121 00:00:00 |k Rodrigo Vera | ||
| 490 | 0 | |a Curso de Historia General | |
| 999 | |c 244400 |d 244398 | ||
| 952 | |0 0 |1 0 |4 0 |6 372_890000000000000_MON_1924 |7 0 |8 P |9 258459 |a BIBEDU |b BIBEDU |c BIBEDU_PB |d 2019-11-19 |i 1619918 |o 372.89 MON 1924 |p 1619918 |r 2024-01-25 |w 2019-11-19 |y BK |k EDU | ||